Open Data Biblioteca Nacional de Portugal


República Portuguesa: Ministério da Cultura
Biblioteca Nacional de Portugal

Catálogo da BNP: acesso por Identificadores Unívocos
Registos Bibliográficos associados ao registo de autoridade

Etiqueta de registo: 00254nam 2200025 450
001 2284320
003 http://id.bnportugal.gov.pt/bib/catbnp/2284320
021 ## $aPT$b558518/26
100 ## $a20260414d2026 m y0pory01030103ba
101 0# $apor$aeng$afre
102 ## $aPT
105 ## $aa z 000yy
106 ## $ar
200 1# $aOn va être absolument contre$fAndrés Vaccari... [et al.]$gtrad. António Gregório... [et al.]
210 #9 $a[S.l.]$cBarco Bêbado,$dD.L. 2026
215 ## $a1 v.$cil.$d23 cm
305 ## $aEd. trilingue em português, inglês e francês
701 #1 $aVaccari,$bAndrés$4070$31995647
702 #1 $94$aGregório,$bAntónio$4730$31839326
801 #0 $aPT$bBN$gRPC
966 ## $lBN$mFGMON$x1
971 ## $cssilva$d20260414

OpendataBNP@bnportugal.pt | Mais informação sobre acesso aos dados BNP